[Event "TG Biberach - SV Jedesheim"]
[Site "?"]
[Date "2023.11.05"]
[Round "3.1"]
[White "Krassowizkij, Jaroslaw"]
[Black "Sinz, Bernhard"]
[Result "1-0"]
[WhiteElo "2419"]
[BlackElo "2324"]
[PlyCount "107"]
[EventDate "2023.??.??"]

1. e4 c6 2. Nc3 d5 3. Nf3 dxe4 4. Nxe4 Nf6 5. Nxf6+ exf6 6. Bc4 Bd6 7. Qe2+ Be7 8. O-O O-O 9. Re1 Bd6 10. d4 Na6 11. Qe4 f5 12. Qe2 Nb4 13. Bg5 Qa5 14. Bd2 Qc7 15. Bb3 Nd5 16. c4 Nf4 17. Bxf4 Bxf4 18. g3 Bh6 19. Qe7 Qxe7 20. Rxe7 g6 21. c5 Bg7 22. Ne5 Bf6 23. Rxf7 Rxf7 24. Bxf7+ Kf8 25. Bc4 f4 26. gxf4 Bh3 27. d5 cxd5 28. Bxd5 Rc8 29. Rc1 Rc7 30. Rc3 Bc8 31. Kg2 a5 32. Kf3 Be7 33. c6 bxc6 34. Rxc6 Rxc6 35. Nxc6 Bf6 36. Nxa5 Bxb2 37. a4 Bd7 38. Nc4 Bc3 39. a5 Bb5 40. Nd6 Ba6 41. Bc4 Bb4 42. Bxa6 Bxd6 43. Bd3 Bc5 44. f5 Kg7 45. fxg6 hxg6 46. h4 Kh6 47. Kg3 g5 48. hxg5+ Kxg5 49. f4+ Kf6 50. Kf3 Bg1 51. Ke4 Ke6 52. a6 Bf2 53. Bc4+ Kd6 54. f5 1-0

[Event "TG Biberach - SV Jedesheim"]
[Site "?"]
[Date "2023.11.05"]
[Round "3.2"]
[White "Oberst, Thomas"]
[Black "Pikula, Dejan"]
[Result "0-1"]
[WhiteElo "2234"]
[BlackElo "2332"]
[PlyCount "64"]
[EventDate "2023.??.??"]

1. c4 e5 2. a3 f5 3. Nc3 Nf6 4. d3 a5 5. e3 Nc6 6. Nf3 g6 7. Be2 Bg7 8. O-O O-O 9. Qb3 Kh8 10. Nd5 d6 11. Bd2 Nd7 12. Qc2 a4 13. Bc3 g5 14. Nd2 Nc5 15. b4 Ne6 16. Qb2 Ncd4 17. exd4 exd4 18. Nb1 dxc3 19. Ndxc3 Nd4 20. Ra2 c6 21. Bd1 g4 22. f4 gxf3 23. Bxf3 Qf6 24. Qc1 Bd7 25. Qd1 Rae8 26. Kh1 Re3 27. Raf2 Qh4 28. h3 Be5 29. Ne2 Nxe2 30. Rxe2 Qf4 31. Kg1 Qh2+ 32. Kf2 Rxf3+ 0-1

[Event "TG Biberach - SV Jedesheim"]
[Site "?"]
[Date "2023.11.05"]
[Round "3.3"]
[White "Atlas, Valery"]
[Black "Wunder, Niklas"]
[Result "1-0"]
[WhiteElo "2417"]
[BlackElo "2078"]
[PlyCount "67"]
[EventDate "2023.??.??"]

1. e4 e5 2. Nf3 Nc6 3. Bc4 Bc5 4. c3 Nf6 5. d3 O-O 6. O-O d5 7. exd5 Nxd5 8. h3 Nb6 9. Bb5 f6 10. Nbd2 Be6 11. d4 exd4 12. Nb3 Be7 13. Nbxd4 Nxd4 14. Nxd4 Bf7 15. Qg4 h5 16. Qe2 a6 17. Bd3 Re8 18. Qc2 c5 19. Ne2 Nd5 20. Bg6 Qc7 21. Ng3 h4 22. Bxf7+ Kxf7 23. Nf5 g5 24. Bd2 Bf8 25. Rad1 Rad8 26. Rfe1 Rxe1+ 27. Rxe1 Nf4 28. Bxf4 Qxf4 29. Ne7 f5 30. Qb3+ c4 31. Qxb7 Qd2 32. Nd5+ Kg6 33. Re6+ Kh5 34. Qf7# 1-0

[Event "TG Biberach - SV Jedesheim"]
[Site "?"]
[Date "2023.11.05"]
[Round "3.4"]
[White "Birkenmaier, Rainer"]
[Black "Matt, Fabian"]
[Result "1/2-1/2"]
[WhiteElo "2093"]
[BlackElo "2276"]
[PlyCount "62"]
[EventDate "2023.??.??"]

1. d4 Nf6 2. Nf3 e6 3. Nbd2 d5 4. e3 c5 5. c3 Nc6 6. Bd3 Bd6 7. O-O cxd4 8. exd4 O-O 9. Qe2 Bd7 10. Ne5 Qc7 11. f4 a6 12. Ndf3 Ne7 13. g4 g6 14. Ng5 Rae8 15. Qg2 Bb5 16. Qh3 Bxd3 17. Nxd3 h5 18. Ne5 Bxe5 19. fxe5 Nxg4 20. Rf4 Nh6 21. Nxe6 fxe6 22. Rxf8+ Rxf8 23. Bxh6 Rf5 24. Qg2 Kh7 25. Bg5 Ng8 26. Rf1 Qf7 27. b3 b5 28. a4 Nh6 29. axb5 axb5 30. h3 Qf8 31. Rf2 Qf7 1/2-1/2

[Event "TG Biberach - SV Jedesheim"]
[Site "?"]
[Date "2023.11.05"]
[Round "3.5"]
[White "Anistratov, Dmitriy"]
[Black "Schulze, Andreas"]
[Result "1-0"]
[WhiteElo "2242"]
[BlackElo "2085"]
[PlyCount "40"]
[EventDate "2023.??.??"]

1. Nf3 d6 2. d4 f5 3. g3 Nf6 4. Bg2 g6 5. c3 Bg7 6. Qb3 c6 7. Nbd2 Qb6 8. O-O Qxb3 9. axb3 d5 10. Ne5 Nbd7 11. Nd3 Ne4 12. f3 Nd6 13. e4 fxe4 14. fxe4 dxe4 15. Nxe4 Nxe4 16. Bxe4 Nf6 17. Bg2 a6 18. Bg5 h6 19. Bd2 O-O 20. Rae1 Rf7 1-0

[Event "TG Biberach - SV Jedesheim"]
[Site "?"]
[Date "2023.11.05"]
[Round "3.6"]
[White "Mack, Wolfgang"]
[Black "Stiepan, Hans-Michael"]
[Result "1/2-1/2"]
[WhiteElo "2242"]
[BlackElo "2125"]
[PlyCount "134"]
[EventDate "2023.??.??"]

1. g3 Nf6 2. c4 e6 3. Nf3 Be7 4. b3 d5 5. Bb2 O-O 6. Bg2 c5 7. cxd5 Nxd5 8. O-O Nc6 9. Nc3 Nxc3 10. Bxc3 Rb8 11. Rc1 b6 12. d4 Bb7 13. dxc5 Bxc5 14. Qc2 Qe7 15. h4 h6 16. Rfd1 Rfd8 17. Qb1 e5 18. Qf5 Nd4 19. Bxd4 exd4 20. b4 Be4 21. Qf4 Bd6 22. Qg4 f5 23. Qg6 f4 24. Qg4 fxg3 25. Rxd4 gxf2+ 26. Kf1 Re8 27. e3 Bxb4 28. Rcc4 Bxf3 29. Qxf3 Bc5 30. Re4 Qd6 31. Kxf2 Rf8 32. Rf4 Qd2+ 33. Kf1 Bxe3 34. Qd5+ Kh8 35. Qxd2 Bxd2 36. Rxf8+ Rxf8+ 37. Ke2 Bf4 38. h5 Bg3 39. Be4 Rd8 40. Bg6 Kg8 41. Ke3 Be5 42. Ke4 Bg3 43. Rc3 Bd6 44. a4 Bc5 45. Rd3 Bd6 46. Kd5 Bc5+ 47. Kc6 Rxd3 48. Bxd3 g5 49. hxg6 h5 50. Kd5 Kg7 51. Ke4 Kxg6 52. Kf3+ Kg5 53. Bb5 Kf5 54. Bd7+ Ke5 55. Kg2 Be7 56. Be8 h4 57. Kh1 Kd6 58. Bb5 Kc5 59. Be8 Kb4 60. Bd7 Ka5 61. Be8 a6 62. Bd7 Kb4 63. Be8 Kc5 64. Bd7 Bd8 65. Bc8 b5 66. axb5 a5 67. Be6 Kxb5 1/2-1/2

[Event "TG Biberach - SV Jedesheim"]
[Site "?"]
[Date "2023.11.05"]
[Round "3.7"]
[White "Bossinger, Patrick"]
[Black "Engelhart, Achim"]
[Result "0-1"]
[WhiteElo "2081"]
[BlackElo "2057"]
[PlyCount "128"]
[EventDate "2023.??.??"]

1. e4 e6 2. d4 d5 3. exd5 exd5 4. Nf3 Bd6 5. Bd3 Nc6 6. c3 Nge7 7. Qc2 Bg4 8. Nbd2 Qd7 9. O-O Bf5 10. Re1 Bxd3 11. Qxd3 f6 12. b4 O-O 13. Nb3 b6 14. b5 Nd8 15. a4 Nf7 16. Bd2 Rfe8 17. a5 Ng6 18. g3 Rxe1+ 19. Rxe1 Re8 20. Rxe8+ Qxe8 21. Be3 Qe6 22. Ne1 Ne7 23. axb6 axb6 24. Nc1 Qf5 25. Nc2 Qxd3 26. Nxd3 g5 27. Kf1 Kf8 28. Ke2 Ke8 29. Ndb4 Bxb4 30. Nxb4 Nd6 31. Kd3 Nxb5 32. g4 Nd6 33. f4 gxf4 34. Bxf4 Kd7 35. Bg3 c6 36. Ke3 Ke6 37. Kf3 Nb5 38. Be1 Kd6 39. Bg3+ Kd7 40. Be1 Ke6 41. Nd3 Ng6 42. h4 Ne7 43. h5 Nc8 44. Ke3 Ncd6 45. Nf4+ Kf7 46. Kd3 Nc4 47. Bh4 Nbd6 48. Be1 Ne4 49. Ng2 f5 50. gxf5 Kf6 51. Nh4 Ned6 52. Ke2 Nxf5 53. Nf3 Kg7 54. Ne5 Nxe5 55. dxe5 Kh6 56. Kf3 Kxh5 57. Kf4 Kg6 58. Bf2 c5 59. Bg1 Ng7 60. e6 Kf6 61. e7 Ne6+ 62. Kg4 Kxe7 63. Kh5 Nf4+ 64. Kh6 Ne2 0-1

[Event "TG Biberach - SV Jedesheim"]
[Site "?"]
[Date "2023.11.05"]
[Round "3.8"]
[White "Merk, Tobias"]
[Black "Jaskulski, Jan"]
[Result "1-0"]
[WhiteElo "2045"]
[BlackElo "2000"]
[PlyCount "75"]
[EventDate "2023.??.??"]

1. e4 c5 2. c3 Nf6 3. e5 Nd5 4. Nf3 Nc6 5. Bc4 Nb6 6. Bb3 c4 7. Bc2 d6 8. exd6 Qxd6 9. O-O Bg4 10. Na3 g6 11. Qe2 Bg7 12. Nxc4 Nxc4 13. Qxc4 Bxf3 14. gxf3 Be5 15. Qh4 g5 16. Qh5 g4 17. d4 Bf4 18. fxg4 Rg8 19. h3 Rg5 20. Qh4 h5 21. Bxf4 Qxf4 22. Qg3 Qf6 23. f4 Qd6 24. Kh2 Rg7 25. g5 h4 26. Qg4 e6 27. Kh1 O-O-O 28. Rae1 Kb8 29. Qf3 Ka8 30. b4 Rc8 31. Be4 f6 32. Rg1 fxg5 33. Rxg5 Rxg5 34. fxg5 Rf8 35. Qg2 Rf4 36. Bxc6 bxc6 37. b5 Qf8 38. bxc6 1-0

[Event "SG Schwäbisch Gmünd - SK Schwäbisch Hall"]
[Site "?"]
[Date "2023.11.05"]
[Round "3.1"]
[White "Sarenac, Ivan"]
[Black "Velicka, Petr"]
[Result "1-0"]
[WhiteElo "2378"]
[BlackElo "2374"]
[PlyCount "69"]
[EventDate "2023.??.??"]

1. d4 d5 2. Nc3 Nf6 3. Bf4 a6 4. e3 Bf5 5. f3 e6 6. g4 Bg6 7. h4 h6 8. Bd3 Bxd3 9. Qxd3 c5 10. O-O-O Nc6 11. Nge2 Qa5 12. e4 O-O-O 13. exd5 Nb4 14. Qd2 Nxa2+ 15. Kb1 Nxc3+ 16. Nxc3 cxd4 17. Qxd4 Bc5 18. Qc4 Qb4 19. Rd4 Qxc4 20. Rxc4 b6 21. dxe6 fxe6 22. Na4 Rd4 23. Nxb6+ Kb7 24. Be5 Rxc4 25. Nxc4 Rf8 26. Rd1 h5 27. g5 Nd5 28. Rd3 g6 29. Bg3 Rf5 30. Rb3+ Nb6 31. Nxb6 Bxb6 32. Bf2 Rb5 33. Rxb5 axb5 34. Bxb6 Kxb6 35. c3 1-0

[Event "SG Schwäbisch Gmünd - SK Schwäbisch Hall"]
[Site "?"]
[Date "2023.11.05"]
[Round "3.2"]
[White "Jurek, Josef"]
[Black "Sarenac, David"]
[Result "1/2-1/2"]
[WhiteElo "2259"]
[BlackElo "2297"]
[PlyCount "41"]
[EventDate "2023.??.??"]

1. Nf3 Nf6 2. c4 g6 3. g3 Bg7 4. Bg2 O-O 5. d4 d5 6. cxd5 Nxd5 7. O-O Nc6 8. e4 Nb6 9. d5 Na5 10. Qe1 Nac4 11. Nc3 e6 12. b3 Qf6 13. bxc4 Qxc3 14. Qxc3 Bxc3 15. Rb1 exd5 16. cxd5 Re8 17. Rb3 Bg7 18. Ne1 c6 19. Nc2 cxd5 20. exd5 Bd7 21. Ne3 1/2-1/2

[Event "SG Schwäbisch Gmünd - SK Schwäbisch Hall"]
[Site "?"]
[Date "2023.11.05"]
[Round "3.3"]
[White "Velikic, Adela"]
[Black "Flajsman, Pavel"]
[Result "1/2-1/2"]
[WhiteElo "2273"]
[BlackElo "2200"]
[PlyCount "81"]
[EventDate "2023.??.??"]

1. d4 Nf6 2. c4 e6 3. Nc3 d5 4. cxd5 exd5 5. Bg5 Bb4 6. e3 h6 7. Bh4 g5 8. Bg3 Ne4 9. Nge2 h5 10. h4 Nxg3 11. Nxg3 gxh4 12. Nxh5 c6 13. a3 Bf8 14. Nf4 Nd7 15. Bd3 Rh6 16. Qd2 Nb6 17. O-O-O Be6 18. Nxe6 fxe6 19. Rh3 Qf6 20. Rdh1 O-O-O 21. f4 Bg7 22. Qe1 Rdh8 23. Nd1 Qe7 24. Nf2 c5 25. Ng4 cxd4 26. Nxh6 Rxh6 27. Rxh4 Rxh4 28. Qxh4 Qc5+ 29. Kb1 dxe3 30. Rc1 Nc4 31. Bxc4 dxc4 32. Qg4 Qd4 33. Rc2 Kd7 34. Qh5 Ke7 35. Qf3 b5 36. Qb7+ Kf6 37. Qxb5 Qd1+ 38. Rc1 Qd3+ 39. Rc2 Qd1+ 40. Rc1 Qd3+ 41. Rc2 1/2-1/2

[Event "SG Schwäbisch Gmünd - SK Schwäbisch Hall"]
[Site "?"]
[Date "2023.11.05"]
[Round "3.4"]
[White "Bergner, Philipp"]
[Black "Svana, Peter"]
[Result "0-1"]
[WhiteElo "2164"]
[BlackElo "2264"]
[PlyCount "76"]
[EventDate "2023.??.??"]

1. d4 Nf6 2. c4 g6 3. Nc3 Bg7 4. e4 O-O 5. Nf3 d6 6. Be2 e5 7. O-O Nc6 8. d5 Ne7 9. Nd2 Nd7 10. b4 f5 11. c5 Nf6 12. f3 g5 13. Nc4 f4 14. a4 h5 15. Ba3 Ne8 16. b5 b6 17. cxd6 cxd6 18. Rc1 Ng6 19. Na2 Rf7 20. Nb4 Bf8 21. a5 Rg7 22. Nc6 Qc7 23. Qb3 Kh8 24. Rfd1 g4 25. N4xe5 dxe5 26. Bxf8 Nxf8 27. d6 Nxd6 28. Nxe5 Qe7 29. Nc6 Qh4 30. Rxd6 g3 31. Rh6+ Nh7 32. h3 Bxh3 33. Qd5 Bg4 34. Bc4 Bxf3 35. Rxh7+ Kxh7 36. Qf5+ Kh8 37. Qh3 Qxh3 38. gxh3 Bxe4 0-1

[Event "SG Schwäbisch Gmünd - SK Schwäbisch Hall"]
[Site "?"]
[Date "2023.11.05"]
[Round "3.5"]
[White "Mudrak, Josef"]
[Black "Hoenick, Andreas"]
[Result "1/2-1/2"]
[WhiteElo "2221"]
[BlackElo "2115"]
[PlyCount "42"]
[EventDate "2023.??.??"]

1. d4 Nf6 2. Nf3 d5 3. g3 b5 4. Bg2 Bb7 5. Ne5 e6 6. c4 bxc4 7. Nxc4 a5 8. O-O Be7 9. Bd2 c6 10. Ne5 Nbd7 11. Qb3 Qc8 12. Nxd7 Qxd7 13. Nc3 Ba6 14. Rfe1 O-O 15. Na4 Qa7 16. Qe3 Nd7 17. b3 Bb5 18. Nc3 Bf6 19. Nxb5 cxb5 20. Bc3 b4 21. Bb2 Rfc8 1/2-1/2

[Event "SG Schwäbisch Gmünd - SK Schwäbisch Hall"]
[Site "?"]
[Date "2023.11.05"]
[Round "3.6"]
[White "Weiss, Andreas"]
[Black "Kapusta, Petr"]
[Result "0-1"]
[WhiteElo "2118"]
[BlackElo "2072"]
[PlyCount "50"]
[EventDate "2023.??.??"]

1. e4 c5 2. Nf3 d6 3. d4 cxd4 4. Nxd4 Nf6 5. Nc3 a6 6. Be3 e5 7. Nb3 Be6 8. Qd2 Be7 9. f3 Nbd7 10. g4 b5 11. O-O-O O-O 12. Qf2 Bxg4 13. Rg1 Bh5 14. Bh3 b4 15. Ne2 a5 16. Ng3 Bg6 17. Nf5 a4 18. Nd2 d5 19. Nxe7+ Qxe7 20. Bxd7 Qxd7 21. Bg5 Qc6 22. Bxf6 Rfc8 23. Nb1 Qxf6 24. Qe3 dxe4 25. fxe4 Qc6 0-1

[Event "SG Schwäbisch Gmünd - SK Schwäbisch Hall"]
[Site "?"]
[Date "2023.11.05"]
[Round "3.7"]
[White "Krenedics, Gregor"]
[Black "Lang, Thomas"]
[Result "0-1"]
[WhiteElo "2019"]
[BlackElo "1958"]
[PlyCount "66"]
[EventDate "2023.??.??"]

1. Nf3 Nf6 2. d4 g6 3. g3 Bg7 4. Bg2 d6 5. O-O O-O 6. Re1 Nbd7 7. e4 e5 8. a4 a5 9. c3 b6 10. Nbd2 Bb7 11. Qc2 Re8 12. Nc4 exd4 13. Nxd4 Nc5 14. Bg5 h6 15. Bxf6 Bxf6 16. Nb3 Nxb3 17. Qxb3 Qd7 18. Qc2 Bc6 19. b3 Rad8 20. Rad1 Qe6 21. f3 Bxa4 22. Nxa5 Bb5 23. c4 Bd7 24. Nb7 Rb8 25. e5 dxe5 26. f4 Bc6 27. fxe5 Bxg2 28. Qxg2 Bxe5 29. c5 Bd4+ 30. Rxd4 Qxe1+ 31. Qf1 Qxf1+ 32. Kxf1 Rxb7 33. c6 Ra7 0-1

[Event "SG Schwäbisch Gmünd - SK Schwäbisch Hall"]
[Site "?"]
[Date "2023.11.05"]
[Round "3.8"]
[White "Bader, Gerd"]
[Black "Karatsioras, Nikolaos"]
[Result "1/2-1/2"]
[WhiteElo "2046"]
[BlackElo "1980"]
[PlyCount "90"]
[EventDate "2023.??.??"]

1. e4 c5 2. Nc3 d6 3. g3 Nf6 4. Bg2 g6 5. d3 Bg7 6. h3 O-O 7. Be3 Nc6 8. Qd2 Bd7 9. Bh6 Rb8 10. Bxg7 Kxg7 11. Nge2 b5 12. O-O a5 13. f4 a4 14. g4 b4 15. Nd1 Nd4 16. Ne3 Nxe2+ 17. Qxe2 e6 18. Rf2 Bb5 19. Raf1 d5 20. e5 Nd7 21. f5 Qc7 22. Re1 Qxe5 23. fxe6 fxe6 24. Nf5+ gxf5 25. Qxe5+ Nxe5 26. Rxe5 fxg4 27. Rxe6 Rxf2 28. Kxf2 gxh3 29. Bxd5 Re8 30. Rb6 Bd7 31. Rb7 Re7 32. Rc7 Kf6 33. Be4 Rg7 34. Rxc5 Rg5 35. Rxg5 Kxg5 36. Bxh7 Kf4 37. Be4 a3 38. bxa3 bxa3 39. c4 Be6 40. Bc6 Bf5 41. c5 Bxd3 42. Bd7 Ke5 43. Bxh3 Bc4 44. Ke3 Bxa2 45. Kd2 Kd5 1/2-1/2

[Event "Stuttgarter SF - SK Bebenhausen"]
[Site "?"]
[Date "2023.11.05"]
[Round "3.1"]
[White "Braun, Georg"]
[Black "Kvetny, Mark"]
[Result "0-1"]
[WhiteElo "2398"]
[BlackElo "2412"]
[PlyCount "114"]
[EventDate "2023.??.??"]

1. e4 e5 2. Nf3 Nc6 3. Bb5 a6 4. Ba4 d6 5. d4 b5 6. Bb3 Nxd4 7. Nxd4 exd4 8. Bd5 Rb8 9. Bc6+ Bd7 10. Bxd7+ Qxd7 11. Qxd4 Nf6 12. O-O Be7 13. Nc3 O-O 14. Re1 Rfe8 15. Bd2 b4 16. Nd5 Nxd5 17. Qxd5 Bf6 18. Rab1 Rb5 19. Qd3 Qc6 20. Re2 h6 21. h3 a5 22. f3 h5 23. Be1 Re6 24. Bf2 d5 25. Rbe1 dxe4 26. Rxe4 Rxe4 27. Rxe4 Bxb2 28. Rc4 Qd6 29. Rxc7 Qxd3 30. cxd3 a4 31. Ra7 a3 32. Kf1 b3 33. axb3 Rxb3 34. Ke2 Bf6 35. Ke3 Rb4 36. Ra8+ Kh7 37. f4 Bb2 38. Kf3 Rb3 39. Ke4 Rc3 40. Bd4 Rc1 41. g4 Re1+ 42. Kd5 Rh1 43. gxh5 Rxh3 44. Bxb2 axb2 45. Rb8 Rxh5+ 46. Kc6 Rh6+ 47. Kc5 Rh2 48. d4 Kg6 49. d5 Kf5 50. Kd6 Kxf4 51. Ke7 Re2+ 52. Kxf7 Ke5 53. Rb5 g5 54. Ke7 Kd4+ 55. Kd6 Kc3 56. Kc6 Kc2 57. Rc5+ Kd1 0-1

[Event "Stuttgarter SF - SK Bebenhausen"]
[Site "?"]
[Date "2023.11.05"]
[Round "3.2"]
[White "Neyman, Igor"]
[Black "Waffenschmidt, Lars"]
[Result "1/2-1/2"]
[WhiteElo "2328"]
[BlackElo "2284"]
[PlyCount "94"]
[EventDate "2023.??.??"]

1. d4 Nf6 2. c4 e6 3. Nf3 d5 4. Nc3 h6 5. g3 Bd6 6. Bg2 Nc6 7. b3 O-O 8. O-O dxc4 9. bxc4 e5 10. d5 Na5 11. Nd2 Bf5 12. e4 Bd7 13. Qe2 c6 14. Bb2 Rc8 15. Rfc1 cxd5 16. cxd5 b5 17. Nd1 Qb6 18. Ne3 Rfe8 19. Nf5 Bc5 20. Rab1 g6 21. Ne3 Bd4 22. Ba1 Rxc1+ 23. Rxc1 Bxa1 24. Rxa1 Qd4 25. Qe1 Nb7 26. Nb3 Qb6 27. Rc1 Qd6 28. h3 Rc8 29. Rxc8+ Bxc8 30. Qc3 Bd7 31. Kh2 b4 32. Qb2 Bb5 33. Nd2 Nd7 34. Ndc4 Bxc4 35. Nxc4 Qc5 36. Nxe5 Qc3 37. Qxc3 bxc3 38. Nd3 c2 39. Kg1 Nbc5 40. Nc1 Ne5 41. Bf1 Nxe4 42. Kg2 Nc3 43. f4 Nd7 44. Bc4 Nb6 45. d6 Kf8 46. Bb3 Ne4 47. Bxc2 Nxd6 1/2-1/2

[Event "Stuttgarter SF - SK Bebenhausen"]
[Site "?"]
[Date "2023.11.05"]
[Round "3.3"]
[White "Hartmann, Martin"]
[Black "Brueckner, Thomas"]
[Result "1/2-1/2"]
[WhiteElo "2162"]
[BlackElo "2333"]
[PlyCount "220"]
[EventDate "2023.??.??"]

1. e4 c6 2. Nc3 d5 3. Nf3 Bg4 4. h3 Bxf3 5. Qxf3 e6 6. d3 Nd7 7. Bd2 Qb6 8. Rb1 Bd6 9. g3 Ne7 10. Bg2 O-O 11. O-O Rae8 12. b4 f5 13. exd5 cxd5 14. Qe3 Nc6 15. Qxb6 Nxb6 16. Nb5 Bb8 17. f4 Rc8 18. Be3 Rfd8 19. c3 Na4 20. Rb3 a6 21. Na3 b5 22. Kh2 Ba7 23. Bxa7 Nxa7 24. Rc1 Nb6 25. Nc2 d4 26. cxd4 Rc7 27. Ra3 Na4 28. Bf3 Rdc8 29. Bd1 Rc6 30. Rb3 R8c7 31. Kg2 Nc8 32. Kf2 Ncb6 33. Ke3 Nc3 34. Kd2 Nxd1 35. Kxd1 Nd5 36. Kd2 h6 37. Rb2 Nc3 38. Ne3 Ne4+ 39. dxe4 Rxc1 40. exf5 Rh1 41. Kd3 exf5 42. Nxf5 Rxh3 43. Rg2 Rh1 44. d5 Rd1+ 45. Ke4 Re1+ 46. Kd3 Rd7 47. Ne3 Rc1 48. Kd4 Kf7 49. g4 Rb1 50. a3 Ra1 51. g5 Rxa3 52. gxh6 gxh6 53. Ng4 Rc7 54. Ne5+ Kf6 55. d6 Rc1 56. d7 Rd1+ 57. Kc5 Kf5 58. Rg8 Kxf4 59. Ng6+ Kf5 60. Nh4+ Kf6 61. d8=Q+ Rxd8 62. Rxd8 a5 63. bxa5 Rxa5 64. Rd6+ Kg5 65. Nf3+ Kf4 66. Rf6+ Kg4 67. Ne5+ Kg5 68. Rf8 b4+ 69. Kd4 Rb5 70. Ke4 Rb7 71. Rf5+ Kh4 72. Kf3 Rg7 73. Rf4+ Kg5 74. Rxb4 h5 75. Rb5 Kf5 76. Nd3+ Kf6 77. Rxh5 Ra7 78. Nf4 Ra4 79. Kg4 Ra1 80. Rh6+ Kf7 81. Rb6 Ra5 82. Ng6 Rc5 83. Kf4 Rc1 84. Kf5 Rf1+ 85. Nf4 Ke7 86. Ra6 Kd7 87. Ke5 Re1+ 88. Kd4 Rd1+ 89. Nd3 Kc7 90. Ke4 Rh1 91. Kd5 Rd1 92. Ra3 Rd2 93. Rb3 Rd1 94. Rc3+ Kd7 95. Ke5 Rh1 96. Ke4 Rd1 97. Ra3 Ke7 98. Ke5 Kd7 99. Nc5+ Kc6 100. Ne4 Re1 101. Rc3+ Kd7 102. Rh3 Kc6 103. Rh8 Kd7 104. Rh6 Kc7 105. Kd5 Rd1+ 106. Kc4 Rc1+ 107. Nc3 Kd7 108. Kd4 Rg1 109. Ne4 Rd1+ 110. Kc5 Rc1+ 1/2-1/2

[Event "Stuttgarter SF - SK Bebenhausen"]
[Site "?"]
[Date "2023.11.05"]
[Round "3.4"]
[White "Strunski, Andreas"]
[Black "Honisch, Alexander"]
[Result "1/2-1/2"]
[WhiteElo "2306"]
[BlackElo "2147"]
[PlyCount "80"]
[EventDate "2023.??.??"]

1. d4 Nf6 2. c4 e6 3. Nc3 Bb4 4. Qc2 d5 5. a3 Bxc3+ 6. Qxc3 c5 7. dxc5 d4 8. Qc2 e5 9. e4 a5 10. Rb1 a4 11. f4 exf4 12. Nf3 Bg4 13. Bxf4 Nbd7 14. Bd3 Bxf3 15. gxf3 Nxc5 16. Rg1 Nh5 17. Bg5 Qa5+ 18. Bd2 Qc7 19. Rg5 g6 20. Bb4 Ne6 21. Rb5 Nhf4 22. Bf1 f6 23. e5 f5 24. Kf2 Kf7 25. Bd6 Qc6 26. h4 Rhd8 27. c5 Kg7 28. Rb6 Qc8 29. Rc1 Rd7 30. Bb5 Rf7 31. Bc4 Ra5 32. Qd2 Ra7 33. Ba2 Qd7 34. c6 Qd8 35. c7 Qxh4+ 36. Kg1 Qg3+ 37. Kh1 Qh3+ 38. Kg1 Qg3+ 39. Kh1 Qh3+ 40. Kg1 Qg3+ 1/2-1/2

[Event "Stuttgarter SF - SK Bebenhausen"]
[Site "?"]
[Date "2023.11.05"]
[Round "3.5"]
[White "Latzke, Boris"]
[Black "Fritsch, Rolf"]
[Result "1/2-1/2"]
[WhiteElo "2201"]
[BlackElo "2195"]
[PlyCount "134"]
[EventDate "2023.??.??"]

1. d4 e6 2. c4 Bb4+ 3. Nd2 c5 4. dxc5 Nf6 5. Ngf3 Bxc5 6. e3 O-O 7. Be2 Nc6 8. O-O b6 9. a3 a5 10. b3 Bb7 11. Bb2 d5 12. cxd5 Nxd5 13. Ne4 Be7 14. Rc1 Rc8 15. Qd3 f5 16. Ng3 Bf6 17. Qb1 Bxb2 18. Qxb2 Qf6 19. Qxf6 gxf6 20. Bc4 Rfd8 21. Rfd1 Nce7 22. Nd4 Kf7 23. f3 Rxc4 24. bxc4 Nxe3 25. Re1 f4 26. Nb5 Bc6 27. Nf1 N7f5 28. g4 Nxf1 29. gxf5 Ne3 30. fxe6+ Kxe6 31. Kf2 Rd3 32. Rc3 Rd2+ 33. Re2 Rd1 34. Rcxe3+ fxe3+ 35. Rxe3+ Kf5 36. Ke2 Kf4 37. Rb3 Rh1 38. Nd4 Rxh2+ 39. Kd3 Bxf3 40. Nxf3 Kxf3 41. Rxb6 f5 42. c5 Rh1 43. Kd4 Rd1+ 44. Ke5 Rc1 45. Kd5 Rd1+ 46. Kc4 Rc1+ 47. Kb5 Ke4 48. Rh6 Kd5 49. Rd6+ Ke5 50. Rd2 f4 51. c6 f3 52. Kb6 Ke4 53. Rh2 Ke3 54. Rxh7 f2 55. Rf7 f1=Q 56. Rxf1 Rxf1 57. c7 Rc1 58. a4 Kd4 59. Kxa5 Rxc7 60. Kb6 Rc1 61. a5 Kd5 62. a6 Kd6 63. Kb7 Rb1+ 64. Kc8 Ra1 65. Kb7 Kd7 66. a7 Rb1+ 67. Ka8 Kc7 1/2-1/2

[Event "Stuttgarter SF - SK Bebenhausen"]
[Site "?"]
[Date "2023.11.05"]
[Round "3.6"]
[White "Gabriel, Robert"]
[Black "Khadempour, Farhad"]
[Result "1/2-1/2"]
[WhiteElo "2201"]
[BlackElo "2136"]
[PlyCount "64"]
[EventDate "2023.??.??"]

1. d4 Nf6 2. c4 e6 3. Nf3 b6 4. g3 Ba6 5. b3 Bb4+ 6. Bd2 Be7 7. Bg2 c6 8. Bc3 d5 9. Nbd2 Nbd7 10. O-O Rc8 11. Re1 O-O 12. e4 Nxe4 13. Nxe4 dxe4 14. Rxe4 b5 15. c5 Nf6 16. Re1 Nd5 17. Qd2 Bf6 18. a4 Qc7 19. Bf1 Rb8 20. Ne5 Bxe5 21. dxe5 b4 22. Bb2 Bxf1 23. Kxf1 Rfd8 24. Qc2 Rd7 25. Rad1 Rbd8 26. Rd4 a5 27. Red1 h6 28. h4 Qa7 29. h5 Kh8 30. Qc4 Qc7 31. Qc2 Qa7 32. Qc4 Qc7 1/2-1/2

[Event "Stuttgarter SF - SK Bebenhausen"]
[Site "?"]
[Date "2023.11.05"]
[Round "3.7"]
[White "Roth, Juergen Eugen"]
[Black "Lorscheid, Gerhard"]
[Result "1/2-1/2"]
[WhiteElo "2138"]
[BlackElo "2114"]
[PlyCount "24"]
[EventDate "2023.??.??"]

1. g3 d5 2. Bg2 c6 3. d3 Nf6 4. Nd2 g6 5. Ngf3 Bg7 6. O-O O-O 7. e4 dxe4 8. dxe4 Na6 9. Qe2 Nc5 10. Rd1 Qc7 11. Nc4 Ne6 12. Bd2 b6 1/2-1/2

[Event "Stuttgarter SF - SK Bebenhausen"]
[Site "?"]
[Date "2023.11.05"]
[Round "3.8"]
[White "Aksenov, Pavel"]
[Black "Carstens, Andreas"]
[Result "1/2-1/2"]
[WhiteElo "2043"]
[BlackElo "2131"]
[PlyCount "51"]
[EventDate "2023.??.??"]

1. d4 Nf6 2. c4 g6 3. Nc3 Bg7 4. g3 O-O 5. Bg2 d6 6. e3 e5 7. Nge2 Nc6 8. d5 Ne7 9. e4 Nh5 10. Bf3 f5 11. Bxh5 gxh5 12. h3 fxe4 13. Nxe4 Qe8 14. N2c3 Qg6 15. Qe2 Nf5 16. Be3 Nd4 17. Qd3 Nf3+ 18. Kd1 Bf5 19. Kc1 Rf7 20. b3 a6 21. a4 Raf8 22. Kb2 h6 23. Rad1 Ng5 24. Bxg5 hxg5 25. Qe3 g4 26. h4 1/2-1/2

[Event "Heilbronner SV 2 - SF Deizisau 2"]
[Site "?"]
[Date "2023.11.05"]
[Round "3.1"]
[White "Koellner, Ruben Gideon"]
[Black "Ramirez Marin, Ivan"]
[Result "1-0"]
[WhiteElo "2488"]
[BlackElo "2248"]
[PlyCount "87"]
[EventDate "2023.??.??"]

1. d4 d5 2. Nf3 c5 3. e3 Nc6 4. Nbd2 cxd4 5. exd4 Bg4 6. Bb5 Rc8 7. O-O Nf6 8. h3 Bd7 9. c3 e6 10. Bd3 Bd6 11. Qe2 Qe7 12. Ne5 Kd8 13. a4 Be8 14. a5 Nd7 15. f4 f6 16. Nxd7 Bxd7 17. b4 a6 18. Nb3 Na7 19. Nc5 Bxc5 20. bxc5 Bb5 21. c4 dxc4 22. Bxc4 Qd7 23. Qxe6 Qxe6 24. Bxe6 Bxf1 25. Kxf1 Nb5 26. Be3 Re8 27. f5 Rxe6 28. fxe6 Ke7 29. d5 Rd8 30. Rd1 Nc3 31. d6+ Kxe6 32. Rd3 Nb5 33. Bf2 Kd7 34. Rg3 g6 35. Rf3 Rf8 36. Ke2 Re8+ 37. Kd3 Re6 38. g4 Kc6 39. Rf4 Kd7 40. g5 fxg5 41. Rf7+ Ke8 42. Rxb7 Rf6 43. Be3 Rf7 44. Rb6 1-0

[Event "Heilbronner SV 2 - SF Deizisau 2"]
[Site "?"]
[Date "2023.11.05"]
[Round "3.2"]
[White "Peng, Xiang-Tobias"]
[Black "Dabo-Peranic, Robert"]
[Result "1-0"]
[WhiteElo "2116"]
[BlackElo "2350"]
[PlyCount "75"]
[EventDate "2023.??.??"]

1. e4 e5 2. Nf3 Nf6 3. Nc3 Nc6 4. d4 exd4 5. Nxd4 Bb4 6. Nxc6 bxc6 7. Bd3 d5 8. exd5 O-O 9. O-O cxd5 10. h3 Re8 11. Qf3 Rb8 12. Bg5 c6 13. Ne2 Be7 14. Nd4 Rb6 15. a4 c5 16. a5 Rd6 17. Nb5 Rd7 18. Rfe1 Rf8 19. a6 Qb6 20. Nc3 Qd6 21. Bf4 Qb6 22. Bf5 Qd8 23. Bxd7 Qxd7 24. Bg5 Rd8 25. Bxf6 Bxf6 26. Nxd5 Bg5 27. Rad1 Kf8 28. Nf6 Bxf6 29. Rxd7 Bxd7 30. Qb7 Be6 31. Qxa7 c4 32. Qb6 Bd5 33. a7 Ba8 34. Qc5+ Kg8 35. Qb6 Rf8 36. Qb8 Bc6 37. a8=Q Bxa8 38. Re8 1-0